Capital Pairs With Distance Below 200 km - Statistics

General Stats
  • This quiz has been taken 54 times
  • The average score is 16 of 20
Answer Stats
Distance Capital 1 Capital 2 % Correct
0 km Rome Vatican City
100%
83 km Helsinki Tallinn
98%
76 km Beirut Damascus
96%
181 km Pyongyang Seoul
96%
72 km Amman Jerusalem
93%
56 km Bratislava Vienna
93%
2 km Brazzaville Kinshasa
91%
77 km Pristina Skopje
91%
140 km Doha Manama
89%
179 km Guatemala City San Salvador
83%
169 km Banjul Dakar
80%
136 km Conakry Freetown
76%
132 km Cotonou Lomé
74%
165 km Accra Lomé
74%
148 km Maputo Mbabane
74%
100 km Basseterre St John's
72%
143 km Castries Roseau
70%
152 km Port of Spain St George's
67%
102 km Castries Kingstown
65%
132 km Bloemfontein Maseru
65%
No matching quizzes found
Score Distribution
Percent of People with Each Score
Percentile by Number Answered
Your Score History
You have not taken this quiz